PRIME Flavors - Statistics

General Stats
  • This quiz has been taken 24 times
  • The average score is 7 of 9
Answer Stats
- Answer % Correct
- Lemon Lime
94%
- Ice Pop
78%
- Meta Moon
78%
- Orange
78%
- Blue Raspberry
72%
EXCLUSIVE KSI Flavor
72%
- Tropical Punch
72%
- Grape
67%
- Strawberry Watermelon
67%
No matching quizzes found
Score Distribution
Percent of People with Each Score
Percentile by Number Answered
Your Score History
You have not taken this quiz